| 000 | 00511nam a2200217Ia 4500 | ||
|---|---|---|---|
| 008 | 210210b1929 xxu||||| |||| 00| 0 eng d | ||
| 041 | _aeng | ||
| 082 | _a887/44 | ||
| 100 | _aSANKARAN (A) | ||
| 245 | _aSome aspects of liteary criticism in sanskrit | ||
| 260 |
_aMaDras _bUniversity of Madras _c1929 |
||
| 650 | _aSome | ||
| 650 | _asanskrit | ||
| 650 | _aof | ||
| 650 | _aliteary | ||
| 650 | _ain | ||
| 650 | _acriticism | ||
| 650 | _aaspects | ||
| 690 | _aSanskrit Literature | ||
| 906 | _a024642 | ||
| 999 |
_c150265 _d150265 |
||